01377nam a2200313 i 450000500170000000700030001700800410002002000180006104000350007904100080011408400110012210000440013324502600017725000220043726400420045930000400050133600270054133700330056833800280060150000530062952100530068265000520073565000740078765000630086165000660092470000430099094200150103399900150104820220317002017.0ta201106s2014 ck a|||j |||| 00| p spa d a9789588454832 aCO-BoRNBPbspacCO-BoRNBPerda0 aspa aP ZAL11 aZalamea Borda, Jorged1905-1969 eautor10aPoesía ignorada y olvidadabPoesía de los pueblos del mundo, Il: Colombia, Panamá, México, Perú, Japón, Bahrien, Ruanda, Finlandia, África ecuatorial, Malasia, Asia, Etiopia, IsraelcJorge Zalamea ; ilustraciones Laura Gómez "Horripilina"  aPrimera edición 1aBogotábEdiciones Desde Abajoc2014 a99 páginasbIlustracionesc24 cm  2rdacontentatextobtxt 2rdamediaasin mediaciónbn 2rdacarrieravolumenbnc a"Horripilina" es el seudónimo de Laura Gómez aRecomendado para un público mayor de 15 años172LEMBaPoesía colombianavHistoria y crítica172LEMBaPoesía hispanoaméricanayHistoria y críticavAntologías172LEMBaPoesía africanaxHistoria y críticavAntología172LEMBaPoesía asiáticaxHistoria y críticavAntologías1 aGómez, Laura eilustradora 9160960 2loccBKLIT c8882d8882